000 00565nam a22001577a 4500
005 20250210133350.0
008 250210b |||||||| |||| 00| 0 eng d
010 _a7320254
020 _a0135400473
100 _aBlanchard, Benjamin S.
245 _alOGISTICS ENGINEERING AND MANAGEMENT:
_bPrentice-International series in indutrial and systems Engineering/
_cBenjamin, Blanchard S.
260 _aNew Jersey;
_bPrentice-Hall Inc. Englewood cliffs.
_c1974.
300 _axvi.,399p.,
_bills,
_c23 cm.
500 _3includes Appendix and index.
942 _2lcc
_mTA168.B57 2004
999 _c37
_d37